000 00308nam a22001337a 4500
008 190204b xxu||||| |||| 00| 0 eng d
020 _a9780323053457
041 _aeng
080 _a610.73
100 _a2
101 _aINF
245 _aDiagnostic and Laboratory Test Reference
_cPagana
942 _2udc
_cBK
999 _c53935
_d53935